[Event "15. Obert Int. Sant Marti 2013"]
[Site "Barcelona ESP"]
[Date "2013.07.20"]
[Round "8.44"]
[White "Meza Martinez, Alcides Ivan"]
[Black "Ofstad, Sigurd"]
[Result "1/2-1/2"]
[WhiteElo "2136"]
[BlackElo "2007"]
[PlyCount "172"]
[EventDate "2013.07.13"]
[EventType "swiss"]
[EventRounds "9"]
[EventCountry "ESP"]
[SourceTitle "Ajedrez en Madrid"]
[Source "lmi"]
[SourceDate "2013.07.13"]
[SourceVersion "1"]
[SourceVersionDate "2019.06.21"]
[SourceQuality "1"]

1. c4 f5 2. g3 Nf6 3. Bg2 g6 4. Nc3 Bg7 5. d3 O-O 6. e4 fxe4 7. dxe4 d6 8. Nge2
c5 9. O-O Nc6 10. f4 Be6 11. Nd5 Qd7 12. Nec3 Bh3 13. Be3 Bxg2 14. Nxf6+ Bxf6
15. Kxg2 Nd4 16. Rf2 Rab8 17. Qd3 a6 18. Raf1 b5 19. b3 Kh8 20. Ne2 bxc4 21.
Qxc4 Rb4 22. Qd3 Qb7 23. Nc3 e6 24. g4 Rc8 25. g5 Bg7 26. Bxd4 Rxd4 27. Qf3 c4
28. e5 d5 29. bxc4 Rdxc4 30. Rb1 Qc6 31. Ne2 Rf8 32. Qd3 Qc5 33. Rf3 Rc8 34.
Rb7 Qc6 35. Ra7 Bf8 36. Rh3 Rc7 37. Rxc7 Qxc7 38. Qxg6 Rc2 39. Qd3 Kg8 40. Qxa6
Rc6 41. Qd3 Rc2 42. Kf3 Bb4 43. Kg4 Rd2 44. Qb5 Qf7 45. Kg3 Rb2 46. Kf3 Qf5 47.
Rg3 Qe4+ 48. Kg4 Qxe2+ 49. Qxe2 Rxe2 50. Rb3 Be7 51. Rb8+ Kg7 52. Rb7 Kf7 53.
h4 Rxa2 54. h5 Ke8 55. g6 hxg6 56. hxg6 Rg2+ 57. Kh5 Rh2+ 58. Kg4 Rh4+ 59. Kf3
Rh6 60. Rb8+ Bd8 61. g7 Rg6 62. Rb7 Be7 63. f5 exf5 64. Kf4 Rxg7 65. Kxf5 Rg5+
66. Ke6 d4 67. Rxe7+ Kf8 68. Rf7+ Ke8 69. Ra7 Rg6+ 70. Kf5 Rg1 71. Ke6 Rg6+ 72.
Kd5 Rg4 73. e6 d3 74. Kd6 Rd4+ 75. Ke5 d2 76. Kxd4 d1=Q+ 77. Ke5 Qe2+ 78. Kd6
Qd3+ 79. Kc6 Qc4+ 80. Kb7 Qxe6 81. Ra6 Qd5+ 82. Kb6 Kd7 83. Ra7+ Kd6 84. Rb7
Qc5+ 85. Ka6 Kc6 86. Rc7+ Kxc7 1/2-1/2

[Event "15. Obert Int. Sant Marti 2013"]
[Site "Barcelona ESP"]
[Date "2013.07.20"]
[Round "8.45"]
[White "Velez Alvarez, Laura Camila"]
[Black "Montell Zabay, Alberto"]
[Result "1-0"]
[WhiteElo "1774"]
[BlackElo "2026"]
[PlyCount "45"]
[EventDate "2013.07.13"]
[EventType "swiss"]
[EventRounds "9"]
[EventCountry "ESP"]
[SourceTitle "Ajedrez en Madrid"]
[Source "lmi"]
[SourceDate "2013.07.13"]
[SourceVersion "1"]
[SourceVersionDate "2019.06.21"]
[SourceQuality "1"]

1. e4 e5 2. Nf3 Nc6 3. Bb5 a6 4. Ba4 Nf6 5. O-O Be7 6. Re1 b5 7. Bb3 d6 8. h3
Na5 9. c3 Nxb3 10. Qxb3 Bb7 11. d3 O-O 12. Nbd2 Nd7 13. d4 c5 14. d5 c4 15. Qc2
Nc5 16. b3 Nd3 17. Rd1 Nxc1 18. Raxc1 cxb3 19. axb3 f5 20. c4 Rc8 21. Qd3 bxc4
22. bxc4 f4 23. c5 1-0

[Event "15. Obert Int. Sant Marti 2013"]
[Site "Barcelona ESP"]
[Date "2013.07.20"]
[Round "8.46"]
[White "Maltsev, Leonid"]
[Black "Saez Coma, Alejandro"]
[Result "1-0"]
[WhiteElo "1985"]
[BlackElo "2025"]
[PlyCount "107"]
[EventDate "2013.07.13"]
[EventType "swiss"]
[EventRounds "9"]
[EventCountry "ESP"]
[SourceTitle "Ajedrez en Madrid"]
[Source "lmi"]
[SourceDate "2013.07.13"]
[SourceVersion "1"]
[SourceVersionDate "2019.06.21"]
[SourceQuality "1"]

1. e4 c5 2. c3 Nc6 3. d4 cxd4 4. cxd4 d5 5. e5 Bf5 6. Nf3 e6 7. Nc3 a6 8. a3
Rc8 9. Bd2 Be7 10. Rc1 Na7 11. Be2 Bg6 12. O-O Nh6 13. Na4 b5 14. Rxc8 Qxc8 15.
Nc3 Ng8 16. b4 h5 17. Qb3 Nh6 18. a4 Qb7 19. axb5 Nxb5 20. Nxb5 axb5 21. Ra1
O-O 22. Ra5 Rc8 23. Rxb5 Qa6 24. Bf1 Qc6 25. Ra5 Bd8 26. Rc5 Qd7 27. Rxc8 Qxc8
28. Qa4 Bb6 29. b5 Qc7 30. Qa8+ Qd8 31. Qxd8+ Bxd8 32. Bb4 f6 33. Bc5 Be8 34.
b6 Bc6 35. Ba6 Nf7 36. b7 Bc7 37. Ba7 fxe5 38. dxe5 Nxe5 39. Nxe5 Bxe5 40.
b8=Q+ Bxb8 41. Bxb8 Kf7 42. Be5 g5 43. Bd3 Bb7 44. Kf1 Bc6 45. g3 Ba4 46. Ke2
Bc6 47. Ke3 Be8 48. h4 gxh4 49. gxh4 Ba4 50. Kf4 Bd1 51. Kg5 Kg8 52. Bg6 Bg4
53. Bxh5 Bf5 54. Bg6 1-0

[Event "15. Obert Int. Sant Marti 2013"]
[Site "Barcelona ESP"]
[Date "2013.07.20"]
[Round "8.47"]
[White "Vargas Drechsler, Carlos"]
[Black "Frank-Nielsen, Marie"]
[Result "1-0"]
[WhiteElo "1903"]
[BlackElo "2016"]
[PlyCount "113"]
[EventDate "2013.07.13"]
[EventType "swiss"]
[EventRounds "9"]
[EventCountry "ESP"]
[SourceTitle "Ajedrez en Madrid"]
[Source "lmi"]
[SourceDate "2013.07.13"]
[SourceVersion "1"]
[SourceVersionDate "2019.06.21"]
[SourceQuality "1"]

1. c4 Nf6 2. Nf3 g6 3. Nc3 Bg7 4. g3 d6 5. Bg2 e5 6. d3 O-O 7. O-O Nc6 8. Rb1
Nh5 9. b4 f5 10. b5 Ne7 11. Qb3 h6 12. c5+ Kh7 13. cxd6 cxd6 14. Ba3 Bf6 15.
Rfc1 Ng7 16. Qb4 Ne8 17. Nd2 Bg5 18. e3 f4 19. Nce4 fxe3 20. Nxg5+ hxg5 21.
fxe3 Nf5 22. Nc4 Rf6 23. Re1 Qe7 24. Qa4 Qd8 25. b6 a6 26. Nd2 Bd7 27. Qb3 Rb8
28. Bd5 Bb5 29. Ne4 Rf8 30. Bc1 g4 31. a4 Bd7 32. a5 Kg7 33. Bb2 Nf6 34. Nxd6
Nxd6 35. Bxe5 Qe7 36. d4 Kh7 37. Qd3 Nfe8 38. Rbc1 Rf5 39. Rc7 Nxc7 40. bxc7
Re8 41. Bxd6 Qg5 42. Bxb7 Rxa5 43. Qc3 Bc8 44. Bxc8 Rxc8 45. Qc6 Qf5 46. e4 Qf7
47. e5 Ra2 48. Rf1 Qb3 49. Qd7+ Kh6 50. Qxg4 Qe3+ 51. Kh1 Qd2 52. Bf8+ Rxf8 53.
Qh4+ Kg7 54. Qe7+ Kh6 55. Qxf8+ Kh5 56. Qh8+ Kg5 57. Qh4# 1-0

[Event "15. Obert Int. Sant Marti 2013"]
[Site "Barcelona ESP"]
[Date "2013.07.20"]
[Round "8.48"]
[White "Lopez Perdomo, Juan David"]
[Black "De Azua Arpi, Rafael"]
[Result "1-0"]
[WhiteElo "2100"]
[BlackElo "1943"]
[PlyCount "75"]
[EventDate "2013.07.13"]
[EventType "swiss"]
[EventRounds "9"]
[EventCountry "ESP"]
[SourceTitle "Ajedrez en Madrid"]
[Source "lmi"]
[SourceDate "2013.07.13"]
[SourceVersion "1"]
[SourceVersionDate "2019.06.21"]
[SourceQuality "1"]

1. e4 e6 2. d4 d5 3. Nc3 Bb4 4. e5 c5 5. a3 Bxc3+ 6. bxc3 Qa5 7. Bd2 Qa4 8. Nf3
Nc6 9. dxc5 Nge7 10. Bd3 Ng6 11. Qe2 Nf4 12. Bxf4 Qxf4 13. a4 O-O 14. g3 Qg4
15. h3 Qh5 16. g4 Qh6 17. g5 Qh5 18. O-O-O Bd7 19. Rdg1 Ne7 20. Rg4 Nf5 21.
Rhg1 Rac8 22. Bxf5 exf5 23. Rh4 Qg6 24. Rh6 gxh6 25. gxh6 Qxg1+ 26. Nxg1 Rc6
27. Qd2 Rg6 28. Nf3 Re8 29. h4 Be6 30. Kb2 Rc8 31. h5 Rg4 32. Nh2 Rg2 33. Qe3
Kh8 34. Qh3 Rcg8 35. Qh4 R8g5 36. f4 f6 37. fxg5 fxg5 38. Qb4 1-0

[Event "15. Obert Int. Sant Marti 2013"]
[Site "Barcelona ESP"]
[Date "2013.07.20"]
[Round "8.49"]
[White "Heredia Tarrats, Amadeu"]
[Black "Severri Arrese, Carlos"]
[Result "1-0"]
[WhiteElo "2098"]
[BlackElo "1905"]
[PlyCount "33"]
[EventDate "2013.07.13"]
[EventType "swiss"]
[EventRounds "9"]
[EventCountry "ESP"]
[SourceTitle "Ajedrez en Madrid"]
[Source "lmi"]
[SourceDate "2013.07.13"]
[SourceVersion "1"]
[SourceVersionDate "2019.06.21"]
[SourceQuality "1"]

1. e4 b6 2. d4 Bb7 3. Nc3 e6 4. Bd3 d6 5. f4 Nd7 6. Nf3 Ngf6 7. O-O Be7 8. Qe1
c5 9. e5 Ng8 10. d5 dxe5 11. fxe5 Bxd5 12. Nxd5 exd5 13. e6 fxe6 14. Qxe6 c4
15. Bg6+ hxg6 16. Qxg6+ Kf8 17. Ng5+ 1-0

[Event "15. Obert Int. Sant Marti 2013"]
[Site "Barcelona ESP"]
[Date "2013.07.20"]
[Round "8.50"]
[White "Lien, Kjell Hakon"]
[Black "Real Pereyra, Diana Carime"]
[Result "0-1"]
[WhiteElo "1910"]
[BlackElo "2076"]
[PlyCount "222"]
[EventDate "2013.07.13"]
[EventType "swiss"]
[EventRounds "9"]
[EventCountry "ESP"]
[SourceTitle "Ajedrez en Madrid"]
[Source "lmi"]
[SourceDate "2013.07.13"]
[SourceVersion "1"]
[SourceVersionDate "2019.06.21"]
[SourceQuality "1"]

1. e4 c5 2. Nf3 e6 3. d4 cxd4 4. Nxd4 Nf6 5. Nc3 Bb4 6. e5 Ne4 7. Qg4 Nxc3 8.
Qxg7 Rf8 9. a3 Nb5+ 10. axb4 Nxd4 11. Bh6 Qe7 12. Bd3 Nbc6 13. c3 Nf5 14. Bxf5
exf5 15. O-O f6 16. exf6 Qxg7 17. Bxg7 Rg8 18. Rfe1+ Kf7 19. Rad1 Re8 20. Rxe8
Kxe8 21. Re1+ Kf7 22. b5 Nd8 23. Re7+ Kg6 24. h4 h5 25. f3 d5 26. Kf2 Be6 27.
Ke3 b6 28. Kf4 a6 29. Ke5 Bg8 30. Kf4 axb5 31. g4 fxg4 32. fxg4 hxg4 33. Kxg4
Ra4+ 34. b4 Be6+ 35. Kg3 Ra3 36. Rc7 Ra1 37. Bh8 Nf7 38. Bg7 Rg1+ 39. Kf2 Rh1
40. Rc6 Kf5 41. Kg3 Ke5 42. Rxb6 Rh3+ 43. Kf2 Rxh4 44. Rxb5 Rc4 45. Rc5 Rxc5
46. bxc5 Ke4 47. Ke2 Ne5 48. f7 Nxf7 49. Kd2 Nd8 50. Bh8 Nc6 51. Kc2 Ke3 52.
Bg7 Ke2 53. Bf6 Bf5+ 54. Kb3 Kd3 55. Bg7 Bg4 56. Bh8 Bd1+ 57. Kb2 Kc4 58. Kc1
Ba4 59. Kd2 Na5 60. Bg7 Nb3+ 61. Ke3 Nxc5 62. Bh8 Ne4 63. Bg7 Nxc3 64. Bh8 Nd1+
65. Kd2 d4 66. Bxd4 Kxd4 67. Ke2 Nb2 68. Kf3 Kd3 69. Kf4 Kd4 70. Kf5 Nd3 71.
Ke6 Ne5 72. Kf6 Bc2 73. Ke6 Ng4 74. Kd6 Bf5 75. Kc6 Bd3 76. Kd6 Bc4 77. Ke7 Ke5
78. Kd7 Bb5+ 79. Ke7 Bc4 80. Kd7 Bd5 81. Kc7 Nf6 82. Kb6 Kd4 83. Kb5 Ne4 84.
Kb6 Nd6 85. Kc7 Kc5 86. Kd7 Nf5 87. Ke8 Kd6 88. Kf8 Bc4 89. Ke8 Ke6 90. Kd8 Bb5
91. Kc7 Kd5 92. Kb6 Nd4 93. Ka5 Kc4 94. Kb6 Ne6 95. Ka5 Be8 96. Kb6 Kb4 97. Ka6
Kc5 98. Ka5 Nf4 99. Ka6 Nd5 100. Ka5 Bc6 101. Ka6 Nc7+ 102. Ka5 Ne8 103. Ka6
Nd6 104. Ka5 Nc4+ 105. Ka6 Be4 106. Ka7 Kc6 107. Ka6 Bf5 108. Ka7 Bc8 109. Kb8
Nd6 110. Ka7 Kc7 111. Ka8 Bb7+ 0-1

[Event "15. Obert Int. Sant Marti 2013"]
[Site "Barcelona ESP"]
[Date "2013.07.20"]
[Round "8.52"]
[White "Cervello I Tost, Roger"]
[Black "Quero Ortega, Juan"]
[Result "1/2-1/2"]
[WhiteElo "1954"]
[BlackElo "1809"]
[PlyCount "89"]
[EventDate "2013.07.13"]
[EventType "swiss"]
[EventRounds "9"]
[EventCountry "ESP"]
[SourceTitle "Ajedrez en Madrid"]
[Source "lmi"]
[SourceDate "2013.07.13"]
[SourceVersion "1"]
[SourceVersionDate "2019.06.21"]
[SourceQuality "1"]

1. e4 d6 2. d4 Nf6 3. Nc3 g6 4. f4 Bg7 5. Nf3 Bg4 6. h3 Bxf3 7. Qxf3 c6 8. Be3
O-O 9. Bd3 Qb6 10. O-O-O a5 11. h4 h5 12. Bc4 e6 13. a3 Ng4 14. Bg1 d5 15. Be2
f5 16. exf5 exf5 17. Qg3 Nd7 18. Bxg4 fxg4 19. Qd3 Kh7 20. Ne2 Qa6 21. Qd2 Rae8
22. Ng3 Nf6 23. Be3 Ne4 24. Nxe4 Rxe4 25. g3 Rfe8 26. Rhe1 b5 27. Qd3 Qc8 28.
Bf2 Qf5 29. Qc3 a4 30. Rxe4 dxe4 31. Be3 Qd5 32. Kb1 Re7 33. Qc5 Rd7 34. Rf1
Bxd4 35. Bxd4 Qxd4 36. Qxc6 Rd5 37. Re1 e3 38. Qe8 Rd7 39. Qxe3 Qd5 40. Qc3 Qf7
41. Qe5 Qd5 42. Qxd5 Rxd5 43. Kc1 Kg7 44. Re5 Rxe5 45. fxe5 1/2-1/2

[Event "15. Obert Int. Sant Marti 2013"]
[Site "Barcelona ESP"]
[Date "2013.07.20"]
[Round "8.53"]
[White "Barragan Hernandez, Manel"]
[Black "Carlsen, Ellen Oen"]
[Result "0-1"]
[WhiteElo "1889"]
[BlackElo "1947"]
[PlyCount "96"]
[EventDate "2013.07.13"]
[EventType "swiss"]
[EventRounds "9"]
[EventCountry "ESP"]
[SourceTitle "Ajedrez en Madrid"]
[Source "lmi"]
[SourceDate "2013.07.13"]
[SourceVersion "1"]
[SourceVersionDate "2019.06.21"]
[SourceQuality "1"]

1. c4 g6 2. Nc3 Bg7 3. g3 c6 4. Bg2 f5 5. d4 Nf6 6. Nf3 O-O 7. O-O d6 8. b4 Ne4
9. Bb2 d5 10. Qb3 e6 11. e3 Nd7 12. c5 Ndf6 13. b5 Nxc3 14. Bxc3 Ne4 15. bxc6
bxc6 16. Qa3 Qe7 17. Nd2 e5 18. Nxe4 fxe4 19. Rab1 Bg4 20. Qa6 exd4 21. Bxd4
Bxd4 22. exd4 Qf6 23. Rb4 Rf7 24. h3 Bd7 25. Qe2 a5 26. Ra4 Bc8 27. Qd2 Kg7 28.
f3 Ba6 29. Rf2 Re8 30. Qe3 Bb5 31. Rxa5 Qd8 32. Rxb5 cxb5 33. fxe4 Rxf2 34.
Qxf2 dxe4 35. Qe3 b4 36. Bf1 Qd5 37. Bb5 Re7 38. Qd2 e3 39. Qb2 Rf7 40. Qxb4
Qxa2 41. Qe1 Qb3 42. Be2 Rf2 43. c6 Qd5 44. Bf1 Qxd4 45. c7 Qe5 46. Bg2 Qxg3
47. Qa1+ Kh6 48. Qa8 Qxc7 0-1

[Event "15. Obert Int. Sant Marti 2013"]
[Site "Barcelona ESP"]
[Date "2013.07.20"]
[Round "8.54"]
[White "Harstad, Christian"]
[Black "Julian Barrachina, Lluis"]
[Result "1-0"]
[WhiteElo "1942"]
[BlackElo "2163"]
[PlyCount "99"]
[EventDate "2013.07.13"]
[EventType "swiss"]
[EventRounds "9"]
[EventCountry "ESP"]
[SourceTitle "Ajedrez en Madrid"]
[Source "lmi"]
[SourceDate "2013.07.13"]
[SourceVersion "1"]
[SourceVersionDate "2019.06.21"]
[SourceQuality "1"]

1. d4 Nf6 2. c4 e5 3. dxe5 Ng4 4. e4 Nxe5 5. f4 Ng6 6. Be3 Bb4+ 7. Nc3 d6 8.
Qc2 Nc6 9. a3 Bxc3+ 10. Qxc3 Qf6 11. Qxf6 gxf6 12. Bd3 a5 13. Ne2 Rg8 14. O-O
Nge7 15. Ng3 Bg4 16. Kf2 O-O-O 17. Rab1 Kb8 18. b4 axb4 19. axb4 Rde8 20. b5
Na5 21. Bd2 b6 22. Bxa5 bxa5 23. h3 Bc8 24. Nh5 Rg6 25. g4 Rh6 26. Ra1 Bb7 27.
Rxa5 Nc8 28. Re1 Nb6 29. Raa1 Nd7 30. Kg3 Nc5 31. Bc2 Bxe4 32. f5 Re5 33. Bxe4
Nxe4+ 34. Kf4 Nd2 35. Rxe5 dxe5+ 36. Kg3 Nxc4 37. Rd1 Kc8 38. Ng7 Nd6 39. Rxd6
cxd6 40. Ne8 d5 41. Nd6+ Kc7 42. Nxf7 Rg6 43. fxg6 hxg6 44. h4 d4 45. h5 d3 46.
Kf2 gxh5 47. gxh5 e4 48. h6 f5 49. h7 f4 50. h8=Q 1-0

[Event "15. Obert Int. Sant Marti 2013"]
[Site "Barcelona ESP"]
[Date "2013.07.20"]
[Round "8.55"]
[White "Jacobsen, Maria Pitz"]
[Black "Andersen, Guttorm"]
[Result "0-1"]
[WhiteElo "1814"]
[BlackElo "1772"]
[PlyCount "82"]
[EventDate "2013.07.13"]
[EventType "swiss"]
[EventRounds "9"]
[EventCountry "ESP"]
[SourceTitle "Ajedrez en Madrid"]
[Source "lmi"]
[SourceDate "2013.07.13"]
[SourceVersion "1"]
[SourceVersionDate "2019.06.21"]
[SourceQuality "1"]

1. e4 c6 2. d4 d5 3. Nc3 dxe4 4. Nxe4 Bf5 5. Ng3 Bg6 6. Nf3 Nf6 7. Bd3 e6 8.
O-O Bd6 9. h3 Qc7 10. Bxg6 hxg6 11. Qe1 Nbd7 12. Bg5 Nh5 13. Ne4 Bf4 14. Rd1
O-O 15. Bxf4 Nxf4 16. Neg5 Rae8 17. g3 Nh5 18. Ne5 Nxe5 19. dxe5 Qe7 20. Qe3 f6
21. Nf3 g5 22. Rfe1 Kf7 23. Rd3 Rd8 24. Red1 Rxd3 25. Rxd3 Rd8 26. Nxg5+ fxg5
27. Qf3+ Kg6 28. Qe4+ Kh6 29. Rf3 Rf8 30. Rd3 Qc5 31. Qe2 Rf5 32. Re3 g6 33.
Qe1 Ng7 34. g4 Rf8 35. Qd2 Rf4 36. Rd3 Qxe5 37. c3 Ne8 38. Rd7 Rf3 39. Rxb7
Rxh3 40. Qd7 Qe1+ 41. Kg2 Qh1# 0-1

[Event "15. Obert Int. Sant Marti 2013"]
[Site "Barcelona ESP"]
[Date "2013.07.21"]
[Round "9.1"]
[White "Firman, Nazar"]
[Black "Agdestein, Simen"]
[Result "0-1"]
[WhiteElo "2526"]
[BlackElo "2567"]
[PlyCount "74"]
[EventDate "2013.07.13"]
[EventType "swiss"]
[EventRounds "9"]
[EventCountry "ESP"]
[SourceTitle "Ajedrez en Madrid"]
[Source "lmi"]
[SourceDate "2013.07.13"]
[SourceVersion "1"]
[SourceVersionDate "2019.06.21"]
[SourceQuality "1"]

1. e4 e6 2. d4 d5 3. Nc3 Nf6 4. Bg5 dxe4 5. Nxe4 Nbd7 6. Be2 h6 7. Nxf6+ Nxf6
8. Bh4 Be7 9. c3 O-O 10. Nf3 Nd5 11. Bxe7 Qxe7 12. Ne5 c5 13. O-O b6 14. Bf3
Bb7 15. dxc5 bxc5 16. Qb3 Rab8 17. Qa3 Qc7 18. Rfe1 Ba8 19. Nd3 c4 20. Bxd5
Bxd5 21. Nb4 Ba8 22. Qa6 Rb6 23. Qa5 Qb7 24. f3 Rb5 25. Qa4 Rg5 26. Re3 Qb6 27.
Rae1 Bxf3 28. g3 Ba8 29. Qa6 Qc5 30. b3 cxb3 31. axb3 Rd8 32. Qc4 Qb6 33. Qa6
Qc5 34. Qc4 Rd2 35. Qxc5 Rxc5 36. R3e2 Rxe2 37. Rxe2 Rxc3 0-1

[Event "15. Obert Int. Sant Marti 2013"]
[Site "Barcelona ESP"]
[Date "2013.07.21"]
[Round "9.3"]
[White "Cruz, Cristhian"]
[Black "Asis Gargatagli, Hipolito"]
[Result "1/2-1/2"]
[WhiteElo "2499"]
[BlackElo "2487"]
[PlyCount "77"]
[EventDate "2013.07.13"]
[EventType "swiss"]
[EventRounds "9"]
[EventCountry "ESP"]
[SourceTitle "Ajedrez en Madrid"]
[Source "lmi"]
[SourceDate "2013.07.13"]
[SourceVersion "1"]
[SourceVersionDate "2019.06.21"]
[SourceQuality "1"]

1. d4 Nf6 2. c4 c5 3. d5 e6 4. Nc3 exd5 5. cxd5 d6 6. h3 g6 7. Nf3 Bg7 8. e4 a6
9. a4 Nbd7 10. Bd3 Nh5 11. O-O Ne5 12. Be2 Nxf3+ 13. Bxf3 Qh4 14. Bxh5 gxh5 15.
Ne2 Rg8 16. Ra3 Be5 17. Qd3 c4 18. Qe3 c3 19. Rxc3 Bxc3 20. bxc3 Bxh3 21. Nf4
Bxg2 22. Nxg2 O-O-O 23. Qf3 Rg4 24. Bf4 Rdg8 25. Bg3 Qg5 26. Qxf7 h4 27. Rb1
Qg7 28. Qf5+ Kb8 29. Bxd6+ Ka8 30. Be5 Rxg2+ 31. Kf1 Rg1+ 32. Ke2 Qg2 33. Rxb7
Qf1+ 34. Ke3 Qe1+ 35. Kd4 Kxb7 36. Qd7+ Ka8 37. Qc6+ Ka7 38. Qc7+ Ka8 39. Qc6+
1/2-1/2

[Event "15. Obert Int. Sant Marti 2013"]
[Site "Barcelona ESP"]
[Date "2013.07.21"]
[Round "9.4"]
[White "Flores Rios, Mauricio"]
[Black "Hayrapetyan, Hovik"]
[Result "1-0"]
[WhiteElo "2492"]
[BlackElo "2486"]
[PlyCount "95"]
[EventDate "2013.07.13"]
[EventType "swiss"]
[EventRounds "9"]
[EventCountry "ESP"]
[SourceTitle "Ajedrez en Madrid"]
[Source "lmi"]
[SourceDate "2013.07.13"]
[SourceVersion "1"]
[SourceVersionDate "2019.06.21"]
[SourceQuality "1"]

1. e4 c5 2. Nf3 e6 3. d4 cxd4 4. Nxd4 a6 5. c4 Nf6 6. Nc3 Qc7 7. a3 b6 8. Be3
Bb7 9. f3 Be7 10. Rc1 O-O 11. Be2 d6 12. O-O Nbd7 13. b4 Rac8 14. Kh1 Qb8 15.
Qd2 Bd8 16. Rc2 Bc7 17. Bg1 Rfe8 18. Na4 Ne5 19. Rfc1 Nc6 20. Nxc6 Bxc6 21. b5
Ba8 22. bxa6 Nd7 23. Rb1 Qa7 24. Nc3 Nc5 25. Nb5 Qxa6 26. Nxc7 Rxc7 27. Qxd6
Rc6 28. Qd2 f5 29. e5 Qa7 30. Rd1 Qc7 31. Qd4 Bb7 32. Rcd2 Bc8 33. Qh4 h6 34.
Qf4 g5 35. Qe3 Nb7 36. Qc3 Re7 37. a4 Nc5 38. Rd6 Nxa4 39. Qb4 Nc5 40. Rxc6
Qxc6 41. Rd6 Qc7 42. Rxb6 Nb7 43. c5 Qxe5 44. Ba6 Rd7 45. Bxb7 Rd1 46. Rd6 Ra1
47. Qd4 Rxg1+ 48. Qxg1 1-0

[Event "15. Obert Int. Sant Marti 2013"]
[Site "Barcelona ESP"]
[Date "2013.07.21"]
[Round "9.5"]
[White "Dvirnyy, Danyyil"]
[Black "Anurag, Mhamal"]
[Result "1/2-1/2"]
[WhiteElo "2549"]
[BlackElo "2418"]
[PlyCount "82"]
[EventDate "2013.07.13"]
[EventType "swiss"]
[EventRounds "9"]
[EventCountry "ESP"]
[SourceTitle "Ajedrez en Madrid"]
[Source "lmi"]
[SourceDate "2013.07.13"]
[SourceVersion "1"]
[SourceVersionDate "2019.06.21"]
[SourceQuality "1"]

1. Nf3 c5 2. c4 g6 3. d4 cxd4 4. Nxd4 Bg7 5. e4 Nc6 6. Be3 Nf6 7. Nc3 Ng4 8.
Qxg4 Nxd4 9. Qd1 Ne6 10. Rc1 b6 11. Be2 Bb7 12. f3 Qb8 13. Qd2 Be5 14. g3 h5
15. Nd5 h4 16. f4 Bg7 17. Bf3 d6 18. f5 Nc5 19. fxg6 fxg6 20. e5 dxe5 21. Bxc5
bxc5 22. Be4 Qd6 23. Qg5 Bxd5 24. cxd5 hxg3 25. Qxg3 O-O 26. Qxg6 Qxg6 27. Bxg6
e4 28. Bxe4 Rf4 29. Bg2 Bxb2 30. Rxc5 Bd4 31. Rc7 Rb8 32. Rf1 Rb1+ 33. Ke2
Rbxf1 34. Bxf1 Rf2+ 35. Ke1 Rxa2 36. Bc4 Ra1+ 37. Ke2 Kf8 38. Rc8+ Kg7 39. Rc7
Kf8 40. Rc8+ Kg7 41. Rc7 Kf8 1/2-1/2

[Event "15. Obert Int. Sant Marti 2013"]
[Site "Barcelona ESP"]
[Date "2013.07.21"]
[Round "9.7"]
[White "Grigoryan, Karen H."]
[Black "Lorenzo De La Riva, Lazaro"]
[Result "1-0"]
[WhiteElo "2550"]
[BlackElo "2433"]
[PlyCount "127"]
[EventDate "2013.07.13"]
[EventType "swiss"]
[EventRounds "9"]
[EventCountry "ESP"]
[SourceTitle "Ajedrez en Madrid"]
[Source "lmi"]
[SourceDate "2013.07.13"]
[SourceVersion "1"]
[SourceVersionDate "2019.06.21"]
[SourceQuality "1"]

1. d4 g6 2. c4 Bg7 3. Nf3 c5 4. e4 cxd4 5. Nxd4 Nc6 6. Be3 Nf6 7. Nc3 d6 8. Be2
O-O 9. O-O Bd7 10. f3 Nxd4 11. Bxd4 Bc6 12. Qd2 Nd7 13. Be3 a5 14. Rab1 Nc5 15.
Rfc1 Be5 16. Rd1 e6 17. Bd4 Qe7 18. Bf1 Rad8 19. Ne2 Qc7 20. b3 Bxd4+ 21. Nxd4
e5 22. Nc2 Ne6 23. a3 b6 24. Qc3 f5 25. exf5 gxf5 26. Rd2 Rf6 27. Ne3 Rdf8 28.
b4 Rg6 29. Nd5 Bxd5 30. Rxd5 Nf4 31. Rd2 d5 32. c5 axb4 33. axb4 Kh8 34. Rc1 d4
35. Qc2 bxc5 36. Qxc5 Qg7 37. Kh1 Rd8 38. Re1 Nd5 39. b5 Rgd6 40. f4 Nc3 41.
Qxe5 Ne4 42. Ra2 d3 43. Qxf5 d2 44. Qxe4 dxe1=Q 45. Qxe1 Rd1 46. Qxd1 Rxd1 47.
Ra8+ Qg8 48. Rxg8+ Kxg8 49. Kg1 Rd4 50. g3 Rd2 51. Bc4+ Kf8 52. h3 Ke7 53. Kf1
Kd6 54. Ke1 Rg2 55. g4 Rb2 56. Bd3 h6 57. g5 hxg5 58. fxg5 Rg2 59. g6 Rg3 60.
Kf2 Rg5 61. h4 Rg4 62. h5 Ke7 63. h6 Kf6 64. g7 1-0

[Event "15. Obert Int. Sant Marti 2013"]
[Site "Barcelona ESP"]
[Date "2013.07.21"]
[Round "9.8"]
[White "Pulvett, Daniel"]
[Black "Nikolov, Momchil"]
[Result "0-1"]
[WhiteElo "2405"]
[BlackElo "2538"]
[PlyCount "166"]
[EventDate "2013.07.13"]
[EventType "swiss"]
[EventRounds "9"]
[EventCountry "ESP"]
[SourceTitle "Ajedrez en Madrid"]
[Source "lmi"]
[SourceDate "2013.07.13"]
[SourceVersion "1"]
[SourceVersionDate "2019.06.21"]
[SourceQuality "1"]

1. d4 Nf6 2. c4 e6 3. Nf3 c5 4. d5 d6 5. Nc3 exd5 6. cxd5 g6 7. Bf4 a6 8. a4
Bg7 9. h3 O-O 10. e3 Qe7 11. Be2 Nbd7 12. O-O Ne8 13. Nd2 Rb8 14. Qc2 Ne5 15.
Bg3 f5 16. f4 Nf7 17. Bf2 Bd7 18. a5 Nc7 19. Bc4 b5 20. axb6 Rxb6 21. Rae1 Rfb8
22. b3 Nb5 23. Ncb1 Qf6 24. Qd3 a5 25. Nf3 h6 26. Rc1 Ra8 27. Be1 Qe7 28. Rf2
Nc7 29. Nc3 a4 30. bxa4 Bxa4 31. Ra2 Bb3 32. Rxa8+ Nxa8 33. Nd2 Bxc4 34. Nxc4
Rb8 35. Ra1 Nb6 36. Na5 Re8 37. Kf2 c4 38. Qe2 Bxc3 39. Bxc3 Nxd5 40. Bd4 Nxf4
41. Qxc4 Ne6 42. Nc6 Qh4+ 43. Kf1 Nxd4 44. exd4 Kg7 45. Qd5 h5 46. Rb1 Qf4+ 47.
Kg1 h4 48. Rf1 Qg3 49. Qa2 Ng5 50. Kh1 Re1 51. Rxe1 Qxe1+ 52. Kh2 Qe4 53. d5
Nh7 54. Nd8 Ng5 55. Nc6 Qf4+ 56. Kh1 Ne4 57. Qa1+ Kh7 58. Kg1 Ng3 59. Nd8 Ne2+
60. Kh1 Qd4 61. Qe1 Qe4 62. Qf2 Ng3+ 63. Kh2 Qxd5 64. Qf4 Nh5 65. Qxh4 Qe5+ 66.
Kg1 Kg7 67. Qc4 Qe1+ 68. Kh2 Qe7 69. Ne6+ Kf6 70. Nc7 Qe5+ 71. Kg1 Qc5+ 72.
Qxc5 dxc5 73. Na6 c4 74. Kf2 Ke5 75. Nb4 Ke4 76. Na2 Nf4 77. h4 Nd5 78. Nc1 c3
79. Kg3 Ke3 80. Nb3 c2 81. h5 gxh5 82. Kh4 f4 83. Kxh5 Kf2 0-1

[Event "15. Obert Int. Sant Marti 2013"]
[Site "Barcelona ESP"]
[Date "2013.07.21"]
[Round "9.10"]
[White "Cuartas, Jaime Alexander"]
[Black "Bellia, Fabrizio"]
[Result "1-0"]
[WhiteElo "2484"]
[BlackElo "2415"]
[PlyCount "101"]
[EventDate "2013.07.13"]
[EventType "swiss"]
[EventRounds "9"]
[EventCountry "ESP"]
[SourceTitle "Ajedrez en Madrid"]
[Source "lmi"]
[SourceDate "2013.07.13"]
[SourceVersion "1"]
[SourceVersionDate "2019.06.21"]
[SourceQuality "1"]

1. e4 c6 2. d4 d5 3. Nc3 dxe4 4. Nxe4 Bf5 5. Ng3 Bg6 6. h4 h6 7. N1e2 Nf6 8.
Nf4 Bh7 9. Bc4 e6 10. c3 Bd6 11. Ngh5 O-O 12. O-O Nxh5 13. Qxh5 Nd7 14. g3 Nf6
15. Qe2 Qc7 16. Re1 Rfe8 17. Qf3 e5 18. dxe5 Rxe5 19. Rxe5 Bxe5 20. Be3 Be4 21.
Qe2 Re8 22. Bd3 Bxf4 23. Bxf4 Qd7 24. Bxe4 Rxe4 25. Qf3 Qe6 26. Be3 b6 27. Rd1
Ng4 28. Bf4 f5 29. b3 Re2 30. Rd6 Re1+ 31. Kg2 Qe2 32. Qxe2 Rxe2 33. Rd2 Rxd2
34. Bxd2 a6 35. c4 h5 36. Bc3 Kf7 37. Bd4 c5 38. Ba1 g6 39. f3 Nf6 40. Kf2 Nd7
41. Ke3 Ke7 42. Kf4 Ke6 43. Kg5 Kf7 44. a4 a5 45. Bc3 Nf8 46. Be5 Nd7 47. Bc7
Kg7 48. Bd8 Kh7 49. Bf6 Nb8 50. Be5 Nd7 51. f4 1-0